[Event "Arco Christmas op 9th"]
[Site "Arco"]
[Date "2018.12.26"]
[Round "1"]
[White "Bisaro, Andrea"]
[Black "Astengo, Corrado"]
[Result "0-1"]
[WhiteElo "1837"]
[BlackElo "2120"]
[PlyCount "84"]
[EventDate "2018.12.26"]
[EventType "swiss"]
[EventRounds "7"]
[EventCountry "ITA"]
[SourceTitle "CBM 188 Extra"]
[Source "ChessBase"]
[SourceDate "2019.02.26"]
[SourceVersion "1"]
[SourceVersionDate "2019.02.26"]
[SourceQuality "1"]

1. d4 d5 2. c4 c6 3. Nf3 e6 4. Nc3 dxc4 5. a4 Bb4 6. e3 b5 7. axb5 cxb5 8. Bd2 Qb6 9. d5 Nf6 10. dxe6 Bxe6 11. Nd4 Bd7 12. Qf3 Bc6 13. Nxc6 Nxc6 14. Be2 Rd8 15. Rd1 0-0 16. 0-0 Ne5 17. Qf5 Nd3 18. Bxd3 Rxd3 19. Ne4 Rfd8 20. Bc3 Bxc3 21. Rxd3 Rxd3 22. Nxc3 a6 23. e4 Qe6 24. Qf4 h6 25. Qb8+ Kh7 26. Qb7 Rd7 27. Qa8 b4 28. Na4 Nxe4 29. h3 Rd2 30. Qb7 a5 31. Qc7 Qd5 32. Nb6 Qd4 33. Qxc4 Qxc4 34. Nxc4 Rc2 35. Nxa5 Rxb2 36. f3 Nc3 37. Nc4 Rc2 38. Ne5 b3 39. Nd3 Rd2 40. Nf2 b2 41. Ne4 Nxe4 42. fxe4 Rc2 0-1

[Event "Kaltern Trophy-B 2nd"]
[Site "Kaltern"]
[Date "2017.10.28"]
[Round "2"]
[White "Bisaro, Andrea"]
[Black "Steinegger, Egon"]
[Result "1-0"]
[WhiteElo "1729"]
[BlackElo "1628"]
[PlyCount "81"]
[EventDate "2017.10.27"]
[EventType "swiss"]
[EventRounds "5"]
[EventCountry "ITA"]
[SourceTitle "CBM 181 Extra"]
[Source "ChessBase"]
[SourceDate "2017.12.12"]
[SourceVersion "1"]
[SourceVersionDate "2017.12.12"]
[SourceQuality "1"]

1. d4 d5 2. c4 e6 3. Nf3 Nf6 4. Bg5 Be7 5. e3 h6 6. Bh4 0-0 7. Nc3 b6 8. cxd5 Nxd5 9. Bxe7 Qxe7 10. Nxd5 exd5 11. Rc1 Qb4+ 12. Qd2 Qxd2+ 13. Kxd2 c6 14. Ne5 Bb7 15. Be2 f6 16. Ng6 Rf7 17. Rc3 Nd7 18. b4 a5 19. b5 c5 20. Bg4 Nf8 21. Nf4 cxd4 22. exd4 Re7 23. Bf3 Rd7 24. Rhc1 g5 25. Nh5 Kf7 26. Rc7 Rb8 27. Rxd7+ Nxd7 28. Rc7 Ke7 29. Nxf6 Kxf6 30. Rxd7 Bc8 31. Rd6+ Kg7 32. Bxd5 Bf5 33. f3 Rc8 34. Bc6 g4 35. Ke3 gxf3 36. gxf3 Bb1 37. a3 Ba2 38. d5 h5 39. Rd7+ Kf6 40. Rh7 Kg5 41. Rb7 1-0

[Event "Kaltern Trophy-B 2nd"]
[Site "Kaltern"]
[Date "2017.10.28"]
[Round "3"]
[White "Unterkofler, Alex"]
[Black "Bisaro, Andrea"]
[Result "0-1"]
[WhiteElo "1775"]
[BlackElo "1729"]
[PlyCount "126"]
[EventDate "2017.10.27"]
[EventType "swiss"]
[EventRounds "5"]
[EventCountry "ITA"]
[SourceTitle "CBM 181 Extra"]
[Source "ChessBase"]
[SourceDate "2017.12.12"]
[SourceVersion "1"]
[SourceVersionDate "2017.12.12"]
[SourceQuality "1"]

1. e4 e6 2. d4 d5 3. Nc3 Nf6 4. Bg5 Be7 5. e5 Nfd7 6. Bxe7 Qxe7 7. f4 a6 8. Nf3 c5 9. dxc5 Qxc5 10. Bd3 Qe3+ 11. Ne2 Nc6 12. Qd2 Qb6 13. c3 g6 14. b4 Qc7 15. c4 dxc4 16. Bxc4 0-0 17. Rc1 Qb6 18. a3 Rd8 19. Qc3 Qa7 20. Bb3 Nb6 21. Qc5 Nd5 22. Qxa7 Nxa7 23. Kf2 Nb5 24. Bxd5 exd5 25. a4 Na3 26. Rhd1 Be6 27. Ned4 Nc4 28. Ng5 Re8 29. Rd3 Rac8 30. Rdc3 Bd7 31. b5 axb5 32. Nxb5 Rc6 33. Rd1 Be6 34. Nf3 Nb2 35. Rd4 Rxc3 36. Nxc3 Rd8 37. Nd2 Ra8 38. Ke3 Ra6 39. Rb4 Nc4+ 40. Nxc4 dxc4 41. Rxb7 Ra5 42. Rb5 Ra6 43. h3 Bf5 44. g4 Bc2 45. Rb4 Bb3 46. Kd4 Ra8 47. f5 Rd8+ 48. Kc5 gxf5 49. gxf5 Rd3 50. Nd5 Rxh3 51. Nf6+ Kg7 52. Rb8 Rf3 53. Rg8+ Kh6 54. Ng4+ Kh5 55. Nf6+ Kh6 56. Ng4+ Kh5 57. Nf6+ Kh4 58. Rg4+ Kh3 59. Rg5 c3 60. Rh5+ Kg2 61. Rg5+ Kf1 62. Ne4 c2 63. Nd2+ Kf2 0-1

[Event "Treviso op-B 1st"]
[Site "Treviso"]
[Date "2017.03.19"]
[Round "4.7"]
[White "Paris, Giorgio"]
[Black "Bisaro, Andrea"]
[Result "1-0"]
[WhiteElo "1927"]
[BlackElo "1750"]
[PlyCount "85"]
[EventDate "2017.03.17"]
[EventType "swiss"]
[EventRounds "5"]
[EventCountry "ITA"]
[SourceTitle "EXT 2024"]
[Source "ChessBase"]
[SourceDate "2023.10.10"]
[SourceVersion "1"]
[SourceVersionDate "2023.10.10"]
[SourceQuality "1"]

1. e4 e6 2. d4 d5 3. Nc3 Nf6 4. Bg5 Be7 5. e5 Nfd7 6. h4 h6 7. Bxe7 Qxe7 8. a3 a6 9. f4 c5 10. Nf3 Nc6 11. Qd2 b5 12. g4 cxd4 13. Nxd4 Nxd4 14. Qxd4 Qc5 15. Rd1 Qxd4 16. Rxd4 Bb7 17. Be2 Rc8 18. a4 bxa4 19. Kd2 a3 20. bxa3 Nc5 21. Rb1 Rc7 22. Rdb4 Ke7 23. Na4 Ne4+ 24. Ke3 Bc6 25. Bd3 a5 26. Rd4 Bxa4 27. Bxe4 Bc6 28. Bd3 Ra8 29. f5 Rcc8 30. fxe6 fxe6 31. Rf4 Rab8 32. Rbf1 Rf8 33. Rxf8 Rxf8 34. Rxf8 Kxf8 35. Kd4 Ke7 36. Kc5 Ba8 37. Bb5 g5 38. hxg5 hxg5 39. Bc6 Bxc6 40. Kxc6 a4 41. c3 Ke8 42. Kd6 Kf7 43. Kd7 1-0

[Event "Arco Christmas op 6th"]
[Site "Arco"]
[Date "2015.12.26"]
[Round "1"]
[White "Bisaro, Andrea"]
[Black "Ferro, Filippo"]
[Result "1-0"]
[WhiteElo "1784"]
[BlackElo "1207"]
[PlyCount "43"]
[EventDate "2015.12.26"]
[EventType "swiss"]
[EventRounds "7"]
[EventCountry "ITA"]
[SourceTitle "CBM 170 Extra"]
[Source "ChessBase"]
[SourceDate "2016.02.25"]
[SourceVersion "1"]
[SourceVersionDate "2016.02.25"]
[SourceQuality "1"]

1. d4 d5 2. c4 c6 3. e3 Nf6 4. Nc3 Bf5 5. Nf3 e6 6. Be2 dxc4 7. Bxc4 b5 8. Bd3 Bxd3 9. Qxd3 Bc5 10. 0-0 0-0 11. Rd1 Bd6 12. e4 Bc7 13. Bg5 h6 14. Bh4 g5 15. Nxg5 Nh5 16. Nf3 Qc8 17. e5 Nd7 18. Qe4 Bb6 19. Qg4+ Ng7 20. Bf6 Nxf6 21. exf6 Bxd4 22. Qxg7# 1-0

[Event "Arco Christmas op 4th"]
[Site "Arco"]
[Date "2013.12.28"]
[Round "4"]
[White "Bisaro, Andrea"]
[Black "Ovsepyan, Arshak"]
[Result "0-1"]
[WhiteElo "1825"]
[BlackElo "2015"]
[PlyCount "86"]
[EventDate "2013.12.26"]
[EventType "swiss"]
[EventRounds "7"]
[EventCountry "ITA"]
[SourceTitle "CBM 158 Extra"]
[Source "ChessBase"]
[SourceDate "2014.02.28"]
[SourceVersion "1"]
[SourceVersionDate "2014.02.28"]
[SourceQuality "1"]

1. d4 d5 2. Nf3 Nf6 3. Bf4 e6 4. e3 Bd6 5. Bd3 b6 6. Nbd2 Bb7 7. 0-0 0-0 8. Ne5 c5 9. c3 Nc6 10. Qf3 Bxe5 11. dxe5 Nd7 12. Qg3 f5 13. Bh6 Qe7 14. f4 Kh8 15. Bg5 Qf7 16. Nf3 h6 17. Qh3 c4 18. Bc2 Nc5 19. Bh4 Qg6 20. Be1 b5 21. Nh4 Qf7 22. g4 fxg4 23. Qxg4 Nxe5 24. Qh3 Ned3 25. Rf3 Ne4 26. Qg4 Kh7 27. f5 Ne5 28. Bxe4 dxe4 29. Qg6+ Kh8 30. Qxf7 Nxf3+ 31. Nxf3 Rxf7 32. Ne5 Rxf5 33. Ng6+ Kh7 34. Nh4 Rf6 35. Bg3 g5 36. Ng2 Rd8 37. Be5 Rf5 38. Bd4 a5 39. a4 bxa4 40. Rxa4 Ba6 41. Ra1 Rb8 42. Ra2 Rfb5 43. h4 e5 0-1

[Event "Arco Christmas op 3rd"]
[Site "Arco"]
[Date "2012.12.27"]
[Round "3"]
[White "Dappiano, Andrea"]
[Black "Bisaro, Andrea"]
[Result "1-0"]
[WhiteElo "2183"]
[BlackElo "1777"]
[PlyCount "97"]
[EventDate "2012.12.26"]
[EventType "swiss"]
[EventRounds "7"]
[EventCountry "ITA"]
[SourceTitle "CBM 152 Extra"]
[Source "ChessBase"]
[SourceDate "2013.02.25"]
[SourceVersion "1"]
[SourceVersionDate "2013.02.25"]
[SourceQuality "1"]

1. Nf3 d5 2. c4 e6 3. g3 c6 4. Bg2 Nf6 5. 0-0 Nbd7 6. b3 Be7 7. Bb2 0-0 8. d3 Re8 9. Nbd2 Bf8 10. e4 dxe4 11. Nxe4 Nxe4 12. dxe4 e5 13. Nxe5 Nxe5 14. Qxd8 Rxd8 15. Bxe5 Bc5 16. Bc7 Rd7 17. Bf4 Rd8 18. Bf3 Be6 19. Rad1 Bb6 20. Bd6 Rd7 21. c5 Bc7 22. Bxc7 Rxc7 23. Rd6 Kf8 24. Be2 a5 25. Rd4 Ke7 26. Bc4 Bxc4 27. Rxc4 Rd7 28. Rfc1 Rd2 29. R1c2 Rad8 30. Rxd2 Rxd2 31. Ra4 Kd7 32. Rxa5 Kc7 33. Kg2 Rd4 34. Kf3 Rd2 35. Ra8 g6 36. Rf8 Rd7 37. g4 b6 38. cxb6+ Kxb6 39. Ke3 Kb5 40. Rb8+ Kc5 41. a4 Re7 42. a5 f5 43. gxf5 gxf5 44. a6 Rxe4+ 45. Kf3 Re7 46. Rb7 Re8 47. a7 Ra8 48. Rxh7 Kb4 49. Rb7+ 1-0

[Event "Arco op"]
[Site "Arco"]
[Date "2011.12.30"]
[Round "7"]
[White "Silini, Riccardo"]
[Black "Bisaro, Andrea"]
[Result "1-0"]
[WhiteElo "1823"]
[BlackElo "1756"]
[PlyCount "64"]
[EventDate "2011.12.26"]
[EventType "swiss"]
[EventRounds "7"]
[EventCountry "ITA"]
[SourceTitle "EXT 2023"]
[Source "ChessBase"]
[SourceDate "2022.10.05"]
[SourceVersion "1"]
[SourceVersionDate "2022.10.05"]
[SourceQuality "1"]

1. Nf3 d5 2. d4 Nf6 3. c4 e6 4. Bg5 Be7 5. c5 0-0 6. e3 b6 7. b4 Bb7 8. Bxf6 Bxf6 9. cxb6 axb6 10. Bd3 c5 11. bxc5 bxc5 12. a4 cxd4 13. exd4 Qa5+ 14. Nbd2 Nc6 15. 0-0 Qa7 16. Nb3 Nb4 17. Bb5 Ba6 18. Bxa6 Qxa6 19. a5 Rfc8 20. Qd2 Qb5 21. Rfc1 Na6 22. Rab1 Qd7 23. Ne5 Qd6 24. f4 Bd8 25. Rxc8 Rxc8 26. Nd3 Qb8 27. Rb2 Qa7 28. Rc2 Rc4 29. Ne5 Rxc2 30. Qxc2 f6 31. Qc8 fxe5 32. Qxd8+ Kf7 1-0

[Event "Nago Torbole op-A"]
[Site "Nago Torbole"]
[Date "2010.12.29"]
[Round "7"]
[White "Bisaro, Andrea"]
[Black "Viola, Enrico"]
[Result "1/2-1/2"]
[WhiteElo "1742"]
[BlackElo "1713"]
[PlyCount "53"]
[EventDate "2010.12.26"]
[EventType "swiss"]
[EventRounds "7"]
[EventCountry "ITA"]
[SourceTitle "EXT 2024"]
[Source "ChessBase"]
[SourceDate "2023.10.10"]
[SourceVersion "1"]
[SourceVersionDate "2023.10.10"]
[SourceQuality "1"]

1. d4 Nf6 2. c4 g6 3. Nc3 d5 4. cxd5 Nxd5 5. e4 Nxc3 6. bxc3 Bg7 7. Bc4 0-0 8. Ne2 Nc6 9. Be3 Na5 10. Bd3 b6 11. 0-0 Bb7 12. f3 e6 13. Rc1 Qd7 14. Qd2 Rac8 15. Bh6 c5 16. Bxg7 Kxg7 17. Qb2 Kg8 18. Bb5 Qe7 19. Rfd1 Rfd8 20. Qa3 Qh4 21. Qb2 c4 22. Rd2 a6 23. Ba4 b5 24. Bd1 Nc6 25. f4 Qf6 26. a3 h5 27. Bc2 1/2-1/2

[Event "Nago Torbole op-A"]
[Site "Nago Torbole"]
[Date "2010.12.26"]
[Round "1"]
[White "Bisaro, Andrea"]
[Black "Giancotti, Eraldo"]
[Result "0-1"]
[WhiteElo "1742"]
[BlackElo "2065"]
[PlyCount "88"]
[EventDate "2010.12.26"]
[EventType "swiss"]
[EventRounds "7"]
[EventCountry "ITA"]
[SourceTitle "EXT 2024"]
[Source "ChessBase"]
[SourceDate "2023.10.10"]
[SourceVersion "1"]
[SourceVersionDate "2023.10.10"]
[SourceQuality "1"]

1. d4 d5 2. c4 Nc6 3. Nc3 Nf6 4. Bg5 dxc4 5. d5 Ne5 6. Qd4 Qd6 7. Bf4 Nfd7 8. Nf3 Nxf3+ 9. exf3 e5 10. Qe3 Be7 11. Bg3 Qb4 12. 0-0-0 0-0 13. Qe4 Nb6 14. Bxe5 Bd6 15. Bd4 Na4 16. Qc2 Bf4+ 17. Be3 Bxe3+ 18. fxe3 Nb6 19. Rd4 Re8 20. e4 Qc5 21. Qd1 Bd7 22. Be2 Re7 23. Re1 Rd8 24. Bf1 Be8 25. Kb1 f6 26. f4 Bg6 27. Ka1 c6 28. d6 Red7 29. e5 Kh8 30. Rd2 Nc8 31. g4 fxe5 32. fxe5 Re8 33. Na4 Qb4 34. Nc3 b5 35. Bg2 Qc5 36. Rde2 Nb6 37. Ne4 Qd5 38. Qxd5 Nxd5 39. Nc5 Rdd8 40. d7 Re7 41. Rf2 Nb4 42. Re3 h6 43. Nb7 Rdxd7 44. Rf8+ Kh7 0-1

[Event "Udine Oro Caffe op 3rd"]
[Site "Udine"]
[Date "2010.07.07"]
[Round "3"]
[White "Fantini, Marco"]
[Black "Bisaro, Andrea"]
[Result "1/2-1/2"]
[WhiteElo "1954"]
[BlackElo "1721"]
[PlyCount "57"]
[EventDate "2010.07.05"]
[EventType "swiss"]
[EventRounds "7"]
[EventCountry "ITA"]
[SourceTitle "EXT 2024"]
[Source "ChessBase"]
[SourceDate "2023.10.10"]
[SourceVersion "1"]
[SourceVersionDate "2023.10.10"]
[SourceQuality "1"]

1. d4 Nf6 2. f3 d5 3. e4 dxe4 4. Nc3 exf3 5. Nxf3 e6 6. Bg5 Be7 7. Bd3 Nc6 8. a3 h6 9. Bf4 a6 10. Qd2 b5 11. Ne2 Nd7 12. Bg3 Bd6 13. 0-0 Bxg3 14. Nxg3 Nf6 15. c3 Bb7 16. Rae1 0-0 17. Ne5 Nxe5 18. Rxe5 Ng4 19. Rh5 g6 20. Rxh6 Nxh6 21. Qxh6 Qe7 22. Nh5 f5 23. Qxg6+ Kh8 24. Rf4 Qh7 25. Qg5 Qg8 26. Qh6+ Qh7 27. Qg5 Qg8 28. Qh6+ Qh7 29. Qg5 1/2-1/2

[Event "Udine Oro Caffe op 3rd"]
[Site "Udine"]
[Date "2010.07.06"]
[Round "2"]
[White "Bisaro, Andrea"]
[Black "Del Cont Bernard, Emanuela"]
[Result "1-0"]
[WhiteElo "1721"]
[BlackElo "1302"]
[PlyCount "37"]
[EventDate "2010.07.05"]
[EventType "swiss"]
[EventRounds "7"]
[EventCountry "ITA"]
[SourceTitle "EXT 2024"]
[Source "ChessBase"]
[SourceDate "2023.10.10"]
[SourceVersion "1"]
[SourceVersionDate "2023.10.10"]
[SourceQuality "1"]

1. e4 e5 2. Nf3 Nc6 3. Bb5 a6 4. Ba4 Nf6 5. d3 Be7 6. Bxc6 bxc6 7. Nxe5 0-0 8. 0-0 Bb7 9. Nf3 d6 10. Nc3 Bc8 11. Nd4 Bd7 12. f4 c5 13. Nf3 Bc6 14. Qe2 Re8 15. Qf2 h6 16. f5 Bf8 17. Qg3 Kh8 18. Qh3 Ng8 19. g4 1-0

[Event "Chioggia op-B 03rd"]
[Site "Chioggia"]
[Date "2008.10.11"]
[Round "2"]
[White "Bisaro, Andrea"]
[Black "Rosina, Graziano"]
[Result "0-1"]
[WhiteElo "1626"]
[BlackElo "1786"]
[PlyCount "108"]
[EventDate "2008.10.10"]
[EventType "swiss"]
[EventRounds "5"]
[EventCountry "ITA"]
[SourceTitle "EXT 2022"]
[Source "ChessBase"]
[SourceDate "2021.10.06"]
[SourceVersion "1"]
[SourceVersionDate "2021.10.06"]
[SourceQuality "1"]

1. d4 d5 2. c4 c6 3. Nc3 Nf6 4. Bf4 e6 5. e3 Bd6 6. Bg5 Nbd7 7. cxd5 exd5 8. Bd3 Qa5 9. Nge2 0-0 10. 0-0 Re8 11. Bf5 Ne4 12. Bh4 Ndf6 13. Bxe4 Nxe4 14. Nxe4 dxe4 15. Bg3 Bxg3 16. Nxg3 Qg5 17. Qc2 Qh4 18. Qc5 Be6 19. a4 Bd5 20. a5 Re6 21. Nf5 Qf6 22. Ng3 Qh4 23. Nf5 Qf6 24. Ng3 Qh4 25. Ne2 Rh6 26. h3 g5 27. Ng3 Be6 28. Nf5 Bxf5 29. Qxf5 Rg6 30. f3 exf3 31. Rxf3 Rf8 32. g4 h5 33. Kg2 hxg4 34. Qxg4 Qxg4+ 35. hxg4 Re6 36. Rc1 Rfe8 37. Kf2 a6 38. Rc5 f6 39. Ke2 Kg7 40. b3 Re4 41. Rcf5 R8e6 42. d5 cxd5 43. Rxd5 Rb4 44. Rd3 Kg6 45. Rg3 Rb5 46. Kf3 Rxa5 47. e4 Rb5 48. Rg2 Reb6 49. Rb2 a5 50. Ke2 a4 51. Kd2 Rxb3 52. Rbxb3 Rxb3 53. Rxb3 axb3 54. Kc1 Kf7 0-1